Radioactivity and its measurement / (Record no. 67798)
[ view plain ]
| 000 -LEADER | |
|---|---|
| fixed length control field | 01050nam a2200301 a 4500 |
| 001 - CONTROL NUMBER | |
| control field | 67798 |
| 003 - CONTROL NUMBER IDENTIFIER | |
| rucl marc code | BD-RjUL |
| 005 - DATE AND TIME OF LATEST TRANSACTION | |
| control field | 20211209081708.0 |
| 008 - FIXED-LENGTH DATA ELEMENTS--GENERAL INFORMATION | |
| fixed length control field | 170328s1980 enka b 001 0 eng d |
| 020 ## - INTERNATIONAL STANDARD BOOK NUMBER | |
| International Standard Book Number | 0080250289 : |
| 035 ## - SYSTEM CONTROL NUMBER | |
| System control number | (BD-RjUL)68007 |
| 040 ## - CATALOGING SOURCE | |
| Original cataloging agency | DLC |
| Transcribing agency | DLC |
| Modifying agency | BD-RjUL |
| Language of cataloging | eng |
| 041 ## - LANGUAGE CODE | |
| Language code of text/sound track or separate title | eng |
| 082 ## - DEWEY DECIMAL CLASSIFICATION NUMBER | |
| Classification number | 539.752 |
| Edition number | 23 |
| Author mark and year | MAR 1980 |
| 100 1# - MAIN ENTRY--PERSONAL NAME | |
| Personal name | Mann, W. B. |
| 9 (RLIN) | 200984 |
| 245 10 - TITLE STATEMENT | |
| Title | Radioactivity and its measurement / |
| Statement of responsibility, etc. | W.B. Mann, R.L. Ayres, and S.B. Garfinkel |
| 250 ## - EDITION STATEMENT | |
| Edition statement | 2nd ed., rev. and expanded. |
| 260 ## - PUBLICATION, DISTRIBUTION, ETC. (IMPRINT) | |
| Place of publication, distribution, etc. | Oxford : |
| Name of publisher, distributor, etc. | Pergamon Press, |
| Date of publication, distribution, etc. | 1980. |
| 300 ## - PHYSICAL DESCRIPTION | |
| Pagination | ix, 282 p. : |
| Illustrations | ill. ; |
| Size | 22 cm. |
| 490 1# - SERIES STATEMENT | |
| Series statement | Pergamon international library of science, technology, engineering, and social studies |
| 504 ## - BIBLIOGRAPHY, ETC. NOTE | |
| Bibliography, etc | Includes Bibliography and indexes. |
| 650 #0 - SUBJECT ADDED ENTRY--TOPICAL TERM | |
| Topical term or geographic name as entry element | Natural Radioactivity. |
| 9 (RLIN) | 200985 |
| 700 1# - ADDED ENTRY--PERSONAL NAME | |
| Personal name | Ayres, R. L. |
| Personal name | Garfinkel, S. B. |
| 830 #0 - SERIES ADDED ENTRY--UNIFORM TITLE | |
| Uniform title | Pergamon international library of science, technology, engineering, and social studies. |
| 942 ## - ADDED ENTRY ELEMENTS (KOHA) | |
| Source of classification or shelving scheme | Dewey Decimal Classification |
| Koha item type | Books |
| Lost status | Source of classification or shelving scheme | Damaged status | Not for loan | Collection code | Permanent Location | Current Location | Shelving location | Date acquired | Source of acquisition | Cost, normal purchase price | Total Checkouts | Full call number | Date last seen | Copy number | Koha item type |
|---|---|---|---|---|---|---|---|---|---|---|---|---|---|---|---|
| Dewey Decimal Classification | Not For Loan | Non-fiction | Central Library, University of Rajshahi | Central Library, University of Rajshahi | Reading Room | 09/12/2021 | Topper - Tulip | 44.00 | 539.752 MAR 1980 | 28/03/2017 | C-1 | Books |